<?xml version="1.0" encoding="UTF-8"?>
<record
    xmlns:xsi="http://www.w3.org/2001/XMLSchema-instance"
    xsi:schemaLocation="http://www.loc.gov/MARC21/slim http://www.loc.gov/standards/marcxml/schema/MARC21slim.xsd"
    xmlns="http://www.loc.gov/MARC21/slim">

  <leader>02481nam a22003497a 4500</leader>
  <datafield tag="999" ind1=" " ind2=" ">
    <subfield code="c">94123</subfield>
    <subfield code="d">94123</subfield>
  </datafield>
  <controlfield tag="003">NALT</controlfield>
  <controlfield tag="005">20230705165157.0</controlfield>
  <controlfield tag="008">180109b        th ||||| |||| 00| 0 tha d</controlfield>
  <datafield tag="020" ind1=" " ind2=" ">
    <subfield code="a">9786163959072</subfield>
  </datafield>
  <datafield tag="040" ind1=" " ind2=" ">
    <subfield code="a">NALT</subfield>
  </datafield>
  <datafield tag="050" ind1=" " ind2=" ">
    <subfield code="a">S 494.5.S86</subfield>
    <subfield code="b">&#xE02;649&#xE18; 2560</subfield>
  </datafield>
  <datafield tag="100" ind1="0" ind2=" ">
    <subfield code="a">&#xE40;&#xE02;&#xE21;&#xE23;&#xE31;&#xE10; &#xE40;&#xE16;&#xE25;&#xE34;&#xE07;&#xE28;&#xE23;&#xE35;</subfield>
    <subfield code="9">24514</subfield>
  </datafield>
  <datafield tag="245" ind1="1" ind2="0">
    <subfield code="a">&#xE18;&#xE38;&#xE23;&#xE01;&#xE34;&#xE08;&#xE01;&#xE32;&#xE23;&#xE40;&#xE01;&#xE29;&#xE15;&#xE23;&#xE1A;&#xE19;&#xE1E;&#xE37;&#xE49;&#xE19;&#xE17;&#xE35;&#xE48;&#xE2A;&#xE39;&#xE07;&#xE01;&#xE31;&#xE1A;&#xE04;&#xE27;&#xE32;&#xE21;&#xE22;&#xE31;&#xE48;&#xE07;&#xE22;&#xE37;&#xE19; &#xE1A;&#xE17;&#xE40;&#xE23;&#xE35;&#xE22;&#xE19;&#xE41;&#xE25;&#xE30;&#xE02;&#xE49;&#xE2D;&#xE40;&#xE2A;&#xE19;&#xE2D;&#xE43;&#xE19;&#xE01;&#xE32;&#xE23;&#xE1E;&#xE31;&#xE12;&#xE19;&#xE32; /</subfield>
    <subfield code="c">&#xE1C;&#xE39;&#xE49;&#xE40;&#xE02;&#xE35;&#xE22;&#xE19; &#xE40;&#xE02;&#xE21;&#xE23;&#xE31;&#xE10; &#xE40;&#xE16;&#xE25;&#xE34;&#xE07;&#xE28;&#xE23;&#xE35; &#xE41;&#xE25;&#xE30; &#xE2A;&#xE34;&#xE17;&#xE18;&#xE34;&#xE40;&#xE14;&#xE0A; &#xE1E;&#xE07;&#xE28;&#xE4C;&#xE01;&#xE34;&#xE08;&#xE27;&#xE23;&#xE2A;&#xE34;&#xE19; ; &#xE1A;&#xE23;&#xE23;&#xE13;&#xE32;&#xE18;&#xE34;&#xE01;&#xE32;&#xE23; &#xE1B;&#xE34;&#xE22;&#xE30;&#xE17;&#xE31;&#xE28;&#xE19;&#xE4C; &#xE1E;&#xE32;&#xE2C;&#xE2D;&#xE19;&#xE38;&#xE23;&#xE31;&#xE01;&#xE29;&#xE4C;, &#xE27;&#xE23;&#xE20;&#xE31;&#xE17;&#xE23; &#xE08;&#xE34;&#xE15;&#xE23;&#xE44;&#xE1E;&#xE28;&#xE32;&#xE25;&#xE28;&#xE23;&#xE35; &#xE41;&#xE25;&#xE30; &#xE2A;&#xE21;&#xE1E;&#xE23; &#xE2D;&#xE34;&#xE28;&#xE27;&#xE34;&#xE25;&#xE32;&#xE19;&#xE19;&#xE17;&#xE4C;.</subfield>
  </datafield>
  <datafield tag="250" ind1=" " ind2=" ">
    <subfield code="a">&#xE1E;&#xE34;&#xE21;&#xE1E;&#xE4C;&#xE04;&#xE23;&#xE31;&#xE49;&#xE07;&#xE17;&#xE35;&#xE48; 1.</subfield>
  </datafield>
  <datafield tag="260" ind1=" " ind2=" ">
    <subfield code="a">&#xE01;&#xE23;&#xE38;&#xE07;&#xE40;&#xE17;&#xE1E;&#xE2F; :</subfield>
    <subfield code="b">&#xE2A;&#xE16;&#xE32;&#xE1A;&#xE31;&#xE19;&#xE04;&#xE25;&#xE31;&#xE07;&#xE2A;&#xE21;&#xE2D;&#xE07;&#xE02;&#xE2D;&#xE07;&#xE0A;&#xE32;&#xE15;&#xE34;,</subfield>
    <subfield code="c">2560.</subfield>
  </datafield>
  <datafield tag="300" ind1=" " ind2=" ">
    <subfield code="a">192 &#xE2B;&#xE19;&#xE49;&#xE32; :</subfield>
    <subfield code="b">&#xE20;&#xE32;&#xE1E;&#xE1B;&#xE23;&#xE30;&#xE01;&#xE2D;&#xE1A;, &#xE15;&#xE32;&#xE23;&#xE32;&#xE07;, &#xE41;&#xE1C;&#xE19;&#xE20;&#xE39;&#xE21;&#xE34; ;</subfield>
    <subfield code="c">25 &#xE0B;&#xE21;.</subfield>
  </datafield>
  <datafield tag="650" ind1=" " ind2="4">
    <subfield code="9">24626</subfield>
    <subfield code="a">&#xE18;&#xE38;&#xE23;&#xE01;&#xE34;&#xE08;&#xE01;&#xE32;&#xE23;&#xE40;&#xE01;&#xE29;&#xE15;&#xE23;</subfield>
  </datafield>
  <datafield tag="650" ind1=" " ind2="4">
    <subfield code="a">&#xE40;&#xE01;&#xE29;&#xE15;&#xE23;&#xE01;&#xE23;&#xE23;&#xE21;</subfield>
    <subfield code="x">&#xE41;&#xE07;&#xE48;&#xE40;&#xE28;&#xE23;&#xE29;&#xE10;&#xE01;&#xE34;&#xE08;</subfield>
    <subfield code="9">9919</subfield>
  </datafield>
  <datafield tag="650" ind1=" " ind2="4">
    <subfield code="9">24627</subfield>
    <subfield code="a">&#xE40;&#xE01;&#xE29;&#xE15;&#xE23;&#xE17;&#xE35;&#xE48;&#xE2A;&#xE39;&#xE07;</subfield>
  </datafield>
  <datafield tag="650" ind1=" " ind2="4">
    <subfield code="9">3967</subfield>
    <subfield code="a">&#xE40;&#xE01;&#xE29;&#xE15;&#xE23;&#xE01;&#xE23;&#xE23;&#xE21;&#xE41;&#xE1A;&#xE1A;&#xE22;&#xE31;&#xE48;&#xE07;&#xE22;&#xE37;&#xE19;</subfield>
  </datafield>
  <datafield tag="700" ind1="0" ind2=" ">
    <subfield code="a">&#xE2A;&#xE34;&#xE17;&#xE18;&#xE34;&#xE40;&#xE14;&#xE0A; &#xE1E;&#xE07;&#xE28;&#xE4C;&#xE01;&#xE34;&#xE08;&#xE27;&#xE23;&#xE2A;&#xE34;&#xE19;</subfield>
    <subfield code="9">24622</subfield>
  </datafield>
  <datafield tag="700" ind1="0" ind2=" ">
    <subfield code="a">&#xE1B;&#xE34;&#xE22;&#xE30;&#xE17;&#xE31;&#xE28;&#xE19;&#xE4C; &#xE1E;&#xE32;&#xE2C;&#xE2D;&#xE19;&#xE38;&#xE23;&#xE31;&#xE01;&#xE29;&#xE4C;</subfield>
    <subfield code="9">3968</subfield>
  </datafield>
  <datafield tag="700" ind1="0" ind2=" ">
    <subfield code="a">&#xE27;&#xE23;&#xE20;&#xE31;&#xE17;&#xE23; &#xE08;&#xE34;&#xE15;&#xE23;&#xE44;&#xE1E;&#xE28;&#xE32;&#xE25;&#xE28;&#xE23;&#xE35;</subfield>
    <subfield code="9">3969</subfield>
  </datafield>
  <datafield tag="700" ind1="0" ind2=" ">
    <subfield code="a">&#xE2A;&#xE21;&#xE1E;&#xE23; &#xE2D;&#xE34;&#xE28;&#xE27;&#xE34;&#xE25;&#xE32;&#xE19;&#xE19;&#xE17;&#xE4C;</subfield>
    <subfield code="9">3970</subfield>
  </datafield>
  <datafield tag="710" ind1="2" ind2=" ">
    <subfield code="9">24624</subfield>
    <subfield code="a">&#xE2A;&#xE33;&#xE19;&#xE31;&#xE01;&#xE1B;&#xE23;&#xE30;&#xE2A;&#xE32;&#xE19;&#xE07;&#xE32;&#xE19; "&#xE07;&#xE32;&#xE19;&#xE27;&#xE34;&#xE08;&#xE31;&#xE22;&#xE40;&#xE0A;&#xE34;&#xE07;&#xE19;&#xE42;&#xE22;&#xE1A;&#xE32;&#xE22;&#xE40;&#xE01;&#xE29;&#xE15;&#xE23;&#xE41;&#xE25;&#xE30;&#xE40;&#xE2A;&#xE23;&#xE34;&#xE21;&#xE2A;&#xE23;&#xE49;&#xE32;&#xE07;&#xE40;&#xE04;&#xE23;&#xE37;&#xE2D;&#xE02;&#xE48;&#xE32;&#xE22;&#xE07;&#xE32;&#xE19;&#xE27;&#xE34;&#xE08;&#xE31;&#xE22;&#xE40;&#xE0A;&#xE34;&#xE07;&#xE19;&#xE42;&#xE22;&#xE1A;&#xE32;&#xE22;"</subfield>
  </datafield>
  <datafield tag="710" ind1="2" ind2=" ">
    <subfield code="a">&#xE2A;&#xE16;&#xE32;&#xE1A;&#xE31;&#xE19;&#xE04;&#xE25;&#xE31;&#xE07;&#xE2A;&#xE21;&#xE2D;&#xE07;&#xE02;&#xE2D;&#xE07;&#xE0A;&#xE32;&#xE15;&#xE34;</subfield>
    <subfield code="9">24625</subfield>
  </datafield>
  <datafield tag="710" ind1="2" ind2=" ">
    <subfield code="a">&#xE2A;&#xE33;&#xE19;&#xE31;&#xE01;&#xE07;&#xE32;&#xE19;&#xE01;&#xE2D;&#xE07;&#xE17;&#xE38;&#xE19;&#xE2A;&#xE19;&#xE31;&#xE1A;&#xE2A;&#xE19;&#xE38;&#xE19;&#xE01;&#xE32;&#xE23;&#xE27;&#xE34;&#xE08;&#xE31;&#xE22; (&#xE2A;&#xE01;&#xE27;.).</subfield>
    <subfield code="9">1886</subfield>
  </datafield>
  <datafield tag="850" ind1=" " ind2=" ">
    <subfield code="a">NALT</subfield>
  </datafield>
  <datafield tag="942" ind1=" " ind2=" ">
    <subfield code="c">GB</subfield>
    <subfield code="2">lcc</subfield>
  </datafield>
  <datafield tag="998" ind1=" " ind2=" ">
    <subfield code="a">bijaya</subfield>
    <subfield code="c">DAO</subfield>
    <subfield code="j">1020</subfield>
    <subfield code="k"> &#xE19;&#xE32;&#xE07;&#xE08;&#xE33;&#xE40;&#xE23;&#xE35;&#xE22;&#xE07;  &#xE23;&#xE30;&#xE27;&#xE31;&#xE07;&#xE2A;&#xE33;&#xE42;&#xE23;&#xE07;</subfield>
  </datafield>
  <datafield tag="952" ind1=" " ind2=" ">
    <subfield code="0">0</subfield>
    <subfield code="1">0</subfield>
    <subfield code="2">lcc</subfield>
    <subfield code="4">0</subfield>
    <subfield code="7">0</subfield>
    <subfield code="8">CGBL</subfield>
    <subfield code="a">NALT</subfield>
    <subfield code="b">NALT</subfield>
    <subfield code="d">2018-01-09</subfield>
    <subfield code="l">0</subfield>
    <subfield code="o">S 494.5.S86 &#xE02;649&#xE18; 2560</subfield>
    <subfield code="p">3961207711</subfield>
    <subfield code="r">2018-01-11 00:00:00</subfield>
    <subfield code="w">2018-01-09</subfield>
    <subfield code="y">GB</subfield>
  </datafield>
</record>
